Statistiken für Niederlande-Quiz

Klicken Sie hier um das Quiz zu spielen!

Allgemein

  • Dieses Quiz wurde 1,447 mal gespielt
  • Das Durchschnittsergebnis liegt bei 14 aus 24

Antwortstatistiken

Hint Answer % Korrekt
Größte StädteAmsterdam
100%
NachbarländerDeutschland
99%
NachbarländerBelgien
98%
AmtsspracheNiederländisch
92%
Größte StädteRotterdam
89%
Blume, dessen Preise im 17. Jh. eine
"Manie" verursachten
Tulpe
83%
Größte StädteDen Haag
77%
NationalsportFußball
75%
"Sternennacht" MalerVincent van Gogh
68%
Schutzanlagen, um das Wasser
daraus zu halten
Deich
65%
Berühmteste BiermarkeHeineken
63%
Land, das einst Niederländisch-Indien
genannt wurde
Indonesien
57%
Nationale FluggessellschaftKLM
54%
"Die Nachtwache" MalerRembrandt
53%
Frühere WährungGulden
52%
Beliebteste Pommes-SauceMayonnaise
51%
Aktueller KönigWillem-Alexander
45%
Größte ÖlgesellschaftRoyal Dutch Shell
37%
Name für den ThronfolgerPrinz von {Oranien}
34%
Karibische Insel, die mit
Frankreich geteilt wird
Sint Maarten
33%
Zurückgewonnenes Land durch ^Polder
21%
Größte BankING
17%
HolzschuhKlomp
14%
Wissenschaftler, der als erster einzellige
Organismen betrachten konnte
Antoni van
Leeuwenhoek
7%

Verteilung der Resultate

Perzentil nach korrekt beantworteten Fragen

Anzahl Personen mit jedem Resultat

Ihre Resultats-Entwicklung

Sie haben dieses Quiz noch nicht gespielt